000 00481nam a2200133Ia 4500
008 100328s9999 xx 000 0 und d
082 _b74231
100 _aमयेकर भालचंद्र.
245 _aमजेदार विज्ञानप्रयोग.
260 _bमनोविकास.
630 _aमजेदार विज्ञानप्रयोग.
730 _aमजेदार विज्ञानप्रयोग.
942 _cBOOK
999 _c559952
_d559949